Návrh motivačného programu s cieľom zvyšovania produktivity práce a prosperity podniku KOVMECH, s.r.o. Vráble
Salvato in:
| Autore principale: | |
|---|---|
| Altri autori: | |
| Natura: | Manoscritto Libro |
| Lingua: | slovacco |
| Pubblicazione: |
STU v Bratislave MTF UPMK,
2010
|
| Soggetti: | |
| Accesso online: | VAIS |
| Tags: |
Nessun Tag, puoi essere il primo ad aggiungerne!!
|
MARC
| LEADER | 00000ntm a22000003a 4500 | ||
|---|---|---|---|
| 001 | stu206390 | ||
| 005 | 20160719160311.3 | ||
| 008 | 100703s2010------------------------slo-d | ||
| 040 | |a STU |b slo | ||
| 041 | 0 | |a slo | |
| 100 | 1 | |a Kováč, Martin, |d 1985- |4 aut |X 26326 |7 A000026326 | |
| 242 | 0 | 0 | |a Proposal of motivating program in order to improve labour productivity and prosperity of company KOVMECH, s.r.o. Vráble |y eng |
| 245 | 1 | |a Návrh motivačného programu s cieľom zvyšovania produktivity práce a prosperity podniku KOVMECH, s.r.o. Vráble | |
| 260 | |b STU v Bratislave MTF UPMK, |c 2010 | ||
| 650 | 7 | |a personálny manažment |2 stusub | |
| 650 | 7 | |a motivation |2 estusub | |
| 650 | 7 | |a motivácia |2 stusub | |
| 700 | 1 | |a Bestvinová, Viera, |d 1958- |4 ths |u M4000 |U MTF Materiálovotechnologická fakulta |T MTF Ústav priemyselného inžinierstva a manažmentu |X 1541 |U M4000 |Y 84 |7 A000001541 | |
| 856 | 4 | |a info a plný text |u http://is.stuba.sk/zp/portal_zp.pl?podrobnosti=58364 |3 VAIS | |
| 996 | |c M*DP-9405 |l MMSKP |s P |a 0 |w stu206390_0001 | ||